Response to Intervention (Record no. 23987)

MARC details
000 -LEADER
fixed length control field 00768nam a22002297a 4500
003 - CONTROL NUMBER IDENTIFIER
control field OSt
005 - DATE AND TIME OF LATEST TRANSACTION
control field 20260611144654.0
008 - FIXED-LENGTH DATA ELEMENTS--GENERAL INFORMATION
fixed length control field 260611b |||||||| |||| 00| 0 eng d
020 ## - INTERNATIONAL STANDARD BOOK NUMBER
International Standard Book Number 9780872076228
040 ## - CATALOGING SOURCE
Transcribing agency Chuka University Library
050 ## - LIBRARY OF CONGRESS CALL NUMBER
Classification number LB 1029
Item number .R4 2008
245 ## - TITLE STATEMENT
Title Response to Intervention
Remainder of title A Framework for Reading Educators
260 ## - PUBLICATION, DISTRIBUTION, ETC.
Place of publication, distribution, etc. Barksdale Road
Name of publisher, distributor, etc. International Reading Association
Date of publication, distribution, etc. 2008
300 ## - PHYSICAL DESCRIPTION
Extent viii 128 pages
Other physical details illustrated includes indexes
650 ## - SUBJECT ADDED ENTRY--TOPICAL TERM
Topical term or geographic name entry element Remedial Teaching
9 (RLIN) 20755
650 ## - SUBJECT ADDED ENTRY--TOPICAL TERM
Topical term or geographic name entry element Reading Disability
9 (RLIN) 28577
650 ## - SUBJECT ADDED ENTRY--TOPICAL TERM
Topical term or geographic name entry element Learning Disabled Children Education
9 (RLIN) 28578
700 ## - ADDED ENTRY--PERSONAL NAME
Personal name Douglas Fuchs [ed.]
9 (RLIN) 28579
700 ## - ADDED ENTRY--PERSONAL NAME
Personal name Lynn S. Fuchs [ed.]
9 (RLIN) 28580
700 ## - ADDED ENTRY--PERSONAL NAME
Personal name Sharon Vaughn [ed.]
9 (RLIN) 28581
942 ## - ADDED ENTRY ELEMENTS (KOHA)
Source of classification or shelving scheme Library of Congress Classification
Koha item type Long Loan Books
Suppress in OPAC No
Holdings
Withdrawn status Lost status Source of classification or shelving scheme Damaged status Not for loan Collection Home library Current library Shelving location Date acquired Source of acquisition Cost, normal purchase price Total Checkouts Full call number Barcode Date last seen Price effective from Koha item type
    Library of Congress Classification     General Collection Books Main Campus Library Main Campus Library General Stacks 11/06/2026 Donation from Books for Africa 645.00   LB 1029 .R4 2008 34067/2026 11/06/2026 11/06/2026 Long Loan Books

Powered by Koha